000 00634nam a2200229Ia 4500
003 OSt
005 20221007074856.0
006 a|||||r|||| 00| 0
007 ta
008 221006b |||||||| |||| 00| 0 eng d
024 _a12,104
037 _cTextual
040 _aFLL
_cFLL
_beng
041 _2eng
_aeng
082 _aV2:238.N7, M1
100 _aSharma G.B. Au.
_9693270
245 0 _aImplemention of india ombudsman plan in india
260 _aNew Delhi
_bAshish publishing house India
_c1981
300 _a268p
_ccm.
942 _hV2:238.N7, M1
_cTEXL
_2CC
999 _c1153996
_d1153996